| 000 | 01154nam0a22002651 4500 | ||
|---|---|---|---|
| 001 | rc\3004389 | ||
| 005 | 20250806200746.0 | ||
| 035 | _a(NLR Aleph) 007147343 | ||
| 090 |
_a2719 _c2719 |
||
| 100 | _a20110920d1941 u y0rusy50 ca | ||
| 101 | 0 | _arus | |
| 102 | _aRU | ||
| 105 | _ay z ||||| | ||
| 200 | 1 |
_aО дополнительной оплате труда колхозников за повышение урожайности сельскохозяйственных культур и продуктивности животноводства по Краснодарскому краю _eПостановл. СНК СССР и ЦК ВКП(б) от 1-го марта 1941 г. |
|
| 210 |
_aМайкоп _cАдыгнациздат _d1941 |
||
| 215 |
_a24 с. _d17 см |
||
| 710 | 0 | 1 |
_aСССР _bСовет Народных Комиссаров _3RU\NLR\AUTH\8810020782 |
| 712 | 0 | 2 |
_aВКП(б) _bЦК _3RU\NLR\AUTH\8810033047 _4570 |
| 801 | 0 |
_aRU _bNLR _gpsbo |
|
| 801 | 1 |
_aRU _bELAR _2rusmarc |
|
| 852 |
_aNLR _jЭк50 Г-2/25 |
||
| 942 | _cBOOK | ||
| 945 | _aРоссийская национальная библиотека | ||
| 980 | _aNB | ||
| 980 | _aBV | ||